L'Opus Dei : (Record n. 14522)

Dettagli MARC
000 -LEADER
fixed length control field 00949nam a2200289 i 4500
003 - CONTROL NUMBER IDENTIFIER
control field IT-RoINE
005 - DATE AND TIME OF LATEST TRANSACTION
control field 20161229105731.0
008 - FIXED-LENGTH DATA ELEMENTS--GENERAL INFORMATION
fixed length control field 030723s1986 it |r |||0|||ita|d
020 ## - INTERNATIONAL STANDARD BOOK NUMBER
International Standard Book Number 8870160408
040 ## - CATALOGING SOURCE
Original cataloging agency UPSA
Transcribing agency esslup IT-RoINE
Modifying agency IT-RoINE
100 1# - MAIN ENTRY--PERSONAL NAME
Personal name Steigleder, Klaus
9 (RLIN) 29359
240 14 - UNIFORM TITLE
Uniform title Das Opus Dei, ein Innenansicht.
Language of a work Alemán.
245 12 - TITLE STATEMENT
Title L'Opus Dei :
Remainder of title vista dall interno /
Statement of responsibility, etc Klaus Steigleder ; introduzione di Maurizio di Giacomo.
260 ## - PUBLICATION, DISTRIBUTION, ETC. (IMPRINT)
Place of publication, distribution, etc Torino :
Name of publisher, distributor, etc Claudiana,
Date of publication, distribution, etc 1986.
300 ## - PHYSICAL DESCRIPTION
Extent 284 p. ;
Dimensions 21 cm.
336 ## - CONTENT TYPE
Source rdacontent
Content type term text
337 ## - MEDIA TYPE
Source rdamedia
Media type term unmediated
338 ## - CARRIER TYPE
Source rdacarrier
Carrier type term volume
490 1# - SERIES STATEMENT
Series statement Nostro Tempo ;
Volume number/sequential designation 43
500 ## - GENERAL NOTE
General note Traducción de Nicola Sorrentino.
504 ## - BIBLIOGRAPHY, ETC. NOTE
Bibliography, etc Bibliografía: p. 277-282.
610 24 - SUBJECT ADDED ENTRY--CORPORATE NAME
Corporate name or jurisdiction name as entry element Opus Dei
9 (RLIN) 6015
700 1# - ADDED ENTRY--PERSONAL NAME
Personal name Di Giacomo, Maurizio
9 (RLIN) 29360
700 1# - ADDED ENTRY--PERSONAL NAME
Personal name Sorrentino, Nicola
9 (RLIN) 29361
830 #0 - SERIES ADDED ENTRY--UNIFORM TITLE
Uniform title Nostro Tempo (Claudiana) ;
9 (RLIN) 29362
Volume number/sequential designation 43
942 ## - ADDED ENTRY ELEMENTS (KOHA)
Item type Monografías
Dati di copia
Withdrawn status Lost status Damaged status Not for loan Home library Current library Date acquired Total Checkouts Full call number Barcode Date last seen Price effective from Koha item type
        Iglesia Nacional Española en Roma Iglesia Nacional Española en Roma 29/12/2016   HIS.ECL.ESP 834 33076 29/12/2016 29/12/2016 Monografías